000
00323nam a22001457a 4500
008
181122b xxu||||| |||| 00| 0 eng d
020
_a
9780781730594
041
_a
eng
080
_2
2 nd
_a
575
082
_a
575
100
_a
9
101
_a
IMU
245
_a
Dermatology&immunology words
_c
Kumm.R.M
942
_2
udc
_c
BK
999
_c
52365
_d
52365